000 00466nab a2200145 4500
003 ES-SlBCS
005 20210327231302.0
008 170904s2017 ve ||||| |||| 00| 0 spa d
040 _aES-SlBCS
_bspa
100 1 _aOdorico, Luciano
_922579
245 1 0 _aExperiencia misionera, experiencia de inculturación eclesial
_cDr. Luciano Odorico SDB
650 0 0 _aMisiones
_914436
773 0 _gVol. 28, Nº 72, 2017, págs. 49-62
_tIter
_wRev385
_x0798-1236
942 _2lcc
_cAR
999 _c863358
_d863358